000 00531nam a2200181 i 4500
001 bg
100 1 _aLJUBČIK, M. A.
245 1 0 _aOptimal'noe proektirovanie silovych elektromagnitnych mechanizmov /
_cM.
_nA. Ljubčik.
260 _aMoskva :
_b"Energija",
_c1974.
300 _a391, [1] s. :
_brys., wykr. ;
_c23 cm.
504 _aBibliogr. s. 385-389.
650 9 _aElektromagnetyzm
_xurządzenia
_xprojekty
040 _cBPK
041 0 _aru
080 _a621.318
942 _cKS
008 s pl f |000 0 pol
999 _c35870
_d35870